Understanding bioanalytical chemistry : Principles and applications

In this textbook the authors have covered basic principles, terminology and core technologies, which include key modern experimental techniques and equipment used to analyse important biomolecules in diagnostic, industrial and research settings.

Guardado en:
Detalles Bibliográficos
Autor principal: Gault, Victor A.
Formato: Libro
Lenguaje:Undetermined
Publicado: Chichester, West Sussex Wiley-Blackwell 2009
Materias:
Etiquetas: Agregar Etiqueta
Sin Etiquetas, Sea el primero en etiquetar este registro!
Thư viện lưu trữ: Trung tâm Học liệu Trường Đại học Cần Thơ
LEADER 00890nam a2200217Ia 4500
001 CTU_154678
008 210402s9999 xx 000 0 und d
020 |c 1056000 
082 |a 572.36 
082 |b G271 
100 |a Gault, Victor A. 
245 0 |a Understanding bioanalytical chemistry : 
245 0 |b Principles and applications 
245 0 |c Victor A. Gault, Neville H. McClenaghan 
260 |a Chichester, West Sussex 
260 |b Wiley-Blackwell 
260 |c 2009 
520 |a In this textbook the authors have covered basic principles, terminology and core technologies, which include key modern experimental techniques and equipment used to analyse important biomolecules in diagnostic, industrial and research settings. 
650 |a Analytical biochemistry,Biochemistry,Molecular biology 
904 |i Giang 
980 |a Trung tâm Học liệu Trường Đại học Cần Thơ